000 00391nam a2200157Ia 4500
003 GCL
008 140319s9999 xx 000 0 eng d
040 _aGCL /
_cGCL
082 0 4 _a150.1954
_bB J
100 1 _aBROOTE, ROGER
245 1 0 _aJUNG AND PHENOMENOLOGY /
_cBROOTE, ROGER
260 _a[S.N] :
_bROUTLEDGE ،
_c1991
300 _a201 P
650 0 4 _aPHENOMENOLOGY
942 _2ddc
_cBK
999 _c19440
_d19440